MARC

LEADER 00000nam0a2200000 4500
001 253501
005 20231101232841.0
035 |a (RuTPU)RU\TPU\book\275893 
035 |a RU\TPU\book\40505 
090 |a 253501 
100 |a 20140313d1973 m y0rusy50 ca 
101 0 |a rus 
102 |a RU 
105 |a a j 001zy 
200 1 |a Введение в программирование  |e учебное пособие  |f С. С. Лавров 
210 |a Москва  |c Наука  |d 1973 
215 |a 351 с.  |c ил. 
320 |a Библиогр.: с. 347-348(32 назв.) 
320 |a Предм. указ.: с. 349-351 
320 |a Указатель операций машины с. 351 
606 1 |a Программирование  |2 stltpush  |3 (RuTPU)RU\TPU\subj\51780  |9 70345 
610 1 |a прикладная математика 
610 1 |a учебные пособия 
610 1 |a вычислительные машины 
610 1 |a электронные машины 
610 1 |a алгоритмы 
610 1 |a ЭВМ 
610 1 |a система команд 
610 1 |a циклы 
610 1 |a языки программирования 
610 1 |a Алгол 60 
610 1 |a индекс-регистры 
610 1 |a машины М-20 
610 1 |a подпрограммы 
675 |a 681.3.06(075.8)  |v 3 
675 |a 004.42(075.8)  |v 4 
700 1 |a Лавров  |b С. С.  |g Святослав Сергеевич 
801 1 |a RU  |b 63413507  |c 20020410  |g PSBO 
801 2 |a RU  |b 63413507  |c 20180625  |g PSBO 
942 |c BK